000 00194nam a22000857a 4500
005 20260407125004.0
008 260407b |||||||| |||| 00| 0 eng d
245 _aBasis of Paediatrics
942 _2nlm
999 _c40800
_d40800